The management of urban property. Contributions by M E T Thorncroft et al (Record no. 95024)

MARC details
000 -LEADER
fixed length control field 00608cam a2200217 4500
001 - CONTROL NUMBER
control field D2125
008 - FIXED-LENGTH DATA ELEMENTS--GENERAL INFORMATION
fixed length control field 090401t1972 xxu||||| |||| 00| 0 eng d
035 ## - SYSTEM CONTROL NUMBER
System control number (Sirsi) u67535
041 ## - LANGUAGE CODE
Language code of text/sound track or separate title eng
050 ## - LIBRARY OF CONGRESS CALL NUMBER
Classification number 333.337
100 ## - MAIN ENTRY--PERSONAL NAME
Personal name Johnson, T.A (ed)
245 #4 - TITLE STATEMENT
Title The management of urban property. Contributions by M E T Thorncroft et al
260 ## - PUBLICATION, DISTRIBUTION, ETC.
Place of publication, distribution, etc. Reading
Name of publisher, distributor, etc. College of Estate Management
Date of publication, distribution, etc. 1972
300 ## - PHYSICAL DESCRIPTION
Extent 189p. 11cm
350 ## - PRICE (NR) (BK AM CF MU VM SE) [OBSOLETE]
Price 0
490 ## - SERIES STATEMENT
Series statement Property Studies in the United Kingdom and Overseas
Volume/sequential designation 8
520 ## - SUMMARY, ETC.
Summary, etc. Reprint 1976
710 ## - ADDED ENTRY--CORPORATE NAME
Corporate name or jurisdiction name as entry element C.A.L.U.S.
9 (RLIN) 1849
942 ## - ADDED ENTRY ELEMENTS (KOHA)
Suppress in OPAC 0
948 ## - LOCAL PROCESSING INFORMATION (OCLC); SERIES PART DESIGNATOR (RLIN)
c (OCLC) 04/03/1997
Holdings
Withdrawn status Lost status Source of classification or shelving scheme Damaged status Not for loan Home library Current library Shelving location Date acquired Total Checkouts Full call number Barcode Date last seen Copy number Price effective from Koha item type
    Dewey Decimal Classification     London London Basement 14/09/1999   SHELF 114 30002594 06/08/2019 1 06/08/2019 Book